| 000 | 00000nam 2200000zi 4500 |
| 001 | 9.884955 |
| 003 | CaOODSP |
| 005 | 20240502112834 |
| 006 | m o d f |
| 007 | cr bn||||||||| |
| 008 | 200221t20202020onc o f000 0 eng d |
| 020 | |a9780660342108 |
| 040 | |aCaOODSP|beng|erda|cCaOODSP |
| 043 | |an-cn--- |
| 086 | 1 |aBT39-50/2020E-PDF |
| 245 | 00|aGuide to collecting and paying federal and provincial sales taxes. |
| 264 | 1|aOttawa, Ontario : |bTreasury Board of Canada Secretariat = Secrétariat du Conseil du trésor du Canada, |c2020. |
| 264 | 4|c©2020 |
| 300 | |a1 online resource (38 unnumbered pages) |
| 336 | |atext|btxt|2rdacontent |
| 337 | |acomputer|bc|2rdamedia |
| 338 | |aonline resource|bcr|2rdacarrier |
| 500 | |a"Published: 2020-05-04." |
| 500 | |aCover title. |
| 500 | |aIssued also in French under title: Guide de perception et de paiement des taxes de vente fédérales et provinciales. |
| 520 | |a"The purpose of this guide is to support departments in clarifying their role in relation to the Goods and Services Tax / Harmonized Sales Tax (GST/HST), Quebec sales tax (QST), provincial sales tax (PST) and Provincial Tax and Fee (PTF), where applicable under the relevant legislation, when departments are: charging, collecting and remitting taxes on the sale of taxable supplies of property or services paying taxes on their purchases of taxable supplies of property or services"--Application, purpose and scope. |
| 650 | 0|aSales tax|xGovernment policy|zCanada. |
| 710 | 1 |aCanada. |bTreasury Board, |eissuing body. |
| 775 | 08|tGuide de perception et de paiement des taxes de vente fédérales et provinciales.|w(CaOODSP)9.884956 |
| 794 | |tGuide to collecting and paying federal and provincial sales taxes.|b2024|w(CaOODSP)9.936817 |
| 856 | 40|qPDF|s295 KB|uhttps://publications.gc.ca/collections/collection_2021/sct-tbs/BT39-50-2020-eng.pdf |